000 00855nam a2200217Ia 4500
003 GCL
008 140319s9999 xx 000 0 ara d
040 _aGCL /
_cGCL
082 0 4 _a361.6953121
_bن ح
100 1 _aناصر عبدالله الصالح
245 1 0 _aحوادث المرور بمدينة مكة المكرمة :
_bالعلاقات المكانية و الاتجاهات الزمانية /
_cناصر عبدالله الصالح
250 _aالاولى
260 _aالرياض :
_bشركة مكة للطباعة و النشر
300 _a219 ص ؛
_c24 سم
490 _aسلسلة بحوث العلوم الاجتماعية
_v1
650 0 4 _aالعلوم الاجتماعية
650 0 4 _aالخدمة الاجتماعية
650 0 4 _aحوادث المرور
650 0 4 _aالحدائق العامة
942 _2ddc
_cBK
999 _c6985
_d6985